Naarkavirasa Nambi Eayatriya Agapporul Vilakam (Record no. 98244)
[ view plain ]
| 000 -LEADER | |
|---|---|
| fixed length control field | 00411nam a2200169Ia 4500 |
| 100 ## - MAIN ENTRY--AUTHOR NAME | |
| Personal name | "Suthamathi, R" |
| 245 #0 - TITLE STATEMENT | |
| Title | Naarkavirasa Nambi Eayatriya Agapporul Vilakam |
| 250 ## - EDITION STATEMENT | |
| Edition statement | \\201200ENGGPSX |
| 260 ## - PUBLICATION, DISTRIBUTION, ETC. (IMPRINT) | |
| Place of publication | NCBH |
| 260 ## - PUBLICATION, DISTRIBUTION, ETC. (IMPRINT) | |
| Name of publisher | 2012 |
| 260 ## - PUBLICATION, DISTRIBUTION, ETC. (IMPRINT) | |
| Year of publication | Madras |
| 300 ## - PHYSICAL DESCRIPTION | |
| Number of Pages | 329p |
| 500 ## - GENERAL NOTE | |
| General note | includes index and biblioraphy |
| 942 ## - ADDED ENTRY ELEMENTS (KOHA) | |
| Koha item type | Books |
| Withdrawn status | Lost status | Home library | Current library | Shelving location | Date acquired | Full call number | Accession Number | Koha item type | Cost, replacement price |
|---|---|---|---|---|---|---|---|---|---|
| PSG-CAS LIBRARY | PSG-CAS LIBRARY | AW ROW 3 RACK 65 SHELF 6 | 26/04/2018 | T95 S2 | 107869 | Books | |||
| PSG-CAS LIBRARY | PSG-CAS LIBRARY | AW ROW 3 RACK 65 SHELF 6 | 26/04/2018 | T95 P17 SUT | 130449 | Books | 195.00 | ||
| PSG-CAS LIBRARY | PSG-CAS LIBRARY | AW ROW 3 RACK 65 SHELF 6 | 26/04/2018 | T95 P17 SUT | 129594 | Books | 195.00 |